BIBLIOTHÈQUE DE LA MAISON DU MEXIQUE

Logo 1 Logo 2

Del silencio y la palabra (notice nᵒ 3904)

détails MARC
000 -Sello discográfico
campo de control de longitud fija 00793nam a2200277 4500
005 - Identificación de versión
campo de control 20251017062709.0
010 ## - Número Estándar Internacional de Libros (ISBN)
Número (ISBN) 968-7389-54-0
035 ## - Otros números de control del sistema
Número de control del sistema 5130
099 ## - fechas locales
Tipo de ítem Koha LIBRO
100 ## - Datos de procesamiento general
Datos de procesamiento general 20120308d1999 m y1spay5003 ba
105 ## - Campo de datos codificados: Material textual, monográfico
Datos codificados de monografía y 001gy
200 1# - Título y mención de responsabilidad
Título propio Del silencio y la palabra
Designación general del material texto impreso
Primer mención de responsabilidad Mauricio Brehm
210 ## - Publicación, distribución, etc.
Lugar de publicación, distribución, etc. México
Nombre del editor, distribuidor, etc. Gobierno del Estado de Colima, Secretaría de Cultura
Fecha de publicación, distribución, etc. 1999
215 ## - Descripción física
Designación de material específico y extensión del ítem 226 p
Dimensiones 21 cm
345 ## - Nota de información de adquisición
Fuente de adquisición/dirección de la suscripción [OBSOLETO] Donación
606 ## - Término temático usado como materia
Elemento de entrada Poesía mexicana
Subdivisión cronológica Siglo XX
Número Koha 10
660 ## - Código de área geográfica
Código MX
700 ## - Nombre personal - Responsabilidad primaria
Elemento de entrada Brehm
Parte del nombre distinta del elemento de entrada Mauricio
Fechas 1927-1986
Número Koha 7722
801 #0 - Fuente de origen
País FR
Agencia cm
Reglas de catalogación (convenciones descriptivas) AFNOR
900 ## -
-- 1/18237
900 ## -
-- 7109910147\210199
942 ## - ELEMENTOS DE ENTRADA SECUNDARIOS (KOHA)
Tipo de ítem Koha Livre
996 ## -
-- MEX
-- 751145101
-- MMAG
-- 002402
-- 861.4 B834SI
-- 20120308LIV
Exemplaires
Estatus retirado Estado de daño Estado de pérdida Fecha de adquisición Biblioteca de origen Biblioteca actual Ubicación en estantería Código de barras Precio de reemplazo Signatura topográfica completa No para préstamo Tipo de ítem Koha Nota pública Nota no pública
      05/08/2025 Casa México Paris Casa México Paris   002402 05/08/2025 861.4 B834SI   Livre 20120308LIV 751145101